000 00286nam a22001337a 4500
008 170906b xxu||||| |||| 00| 0 eng d
020 _a0131667521
041 _aeng
080 _a72
100 _a41
101 _aARK
245 _aCOMPUTER ARCHITECTURE
_cKAIN, R.Y
942 _2udc
_cBK
999 _c26313
_d26313